Fundamentals of chemistry / (Record no. 183369)
[ view plain ]
| 000 -LEADER | |
|---|---|
| fixed length control field | 01486 a2200205 4500 |
| 003 - CONTROL NUMBER IDENTIFIER | |
| control field | NUST |
| 005 - DATE AND TIME OF LATEST TRANSACTION | |
| control field | 20230712095018.0 |
| 010 ## - LIBRARY OF CONGRESS CONTROL NUMBER | |
| LC control number | 74010192 |
| 020 ## - INTERNATIONAL STANDARD BOOK NUMBER | |
| International Standard Book Number | 0121323722 |
| 040 ## - CATALOGING SOURCE | |
| Transcribing agency | Nust |
| 082 00 - DEWEY DECIMAL CLASSIFICATION NUMBER | |
| Classification number | 540,BRE |
| 100 1# - MAIN ENTRY--PERSONAL NAME | |
| Personal name | Brescia, Frank, |
| 9 (RLIN) | 113551 |
| 245 10 - TITLE STATEMENT | |
| Title | Fundamentals of chemistry / |
| Statement of responsibility, etc. | Frank Brescia, John Arents, Herbert Meislich and Amos Turk |
| 250 ## - EDITION STATEMENT | |
| Edition statement | 3d ed. |
| 260 ## - PUBLICATION, DISTRIBUTION, ETC. | |
| Place of publication, distribution, etc. | New York, |
| Name of publisher, distributor, etc. | Academic Press, |
| Date of publication, distribution, etc. | [1975] |
| 300 ## - PHYSICAL DESCRIPTION | |
| Extent | xviii, 625 p.; |
| Other physical details | illus. |
| Dimensions | 25 cm. |
| 505 ## - FORMATTED CONTENTS NOTE | |
| Formatted contents note | Introduction (Page-1), Gases (Page-9), Atomic And Molecular Weights (Page-29), Chemical Equations And Chemical Arithmetic (Page-46), The First Law Thermodynamics (Page-56), Structure Of Atoms (Page-74), Chemical Periodicity (Page-103), Types Of Chemical Bonds (Page-119), Condensed States Of Matter (Page-146), Solutions (Page-166), Chemical Equilibrium (Page-193), Ionic Solutions (Page-216), Acids And Bases (Page-241), Ionic Equilibrium Calculations (Page-265), Analysis Of Ions In Solutions (Page-297), Galvanic Cells (Page-313), The Second Law Of Thermodynamics (Page-335), Molecular Orbital Theory Of Bonding (Page-359), Orbital Hybridization And Molecular Shape (Page-372), Chemical Kinetics (Page-403), The Representative Elements (Page-432), Transition Elements: Complex Ions And Molecules (Page-461), Organic Chemistry (Page-477), Radiation And Matter (Page-511), Nuclear Chemistry (Page-530), Polymers And Biochemicals (Page-550). |
| 650 #0 - SUBJECT ADDED ENTRY--TOPICAL TERM | |
| Topical term or geographic name entry element | Chemistry. |
| 942 ## - ADDED ENTRY ELEMENTS (KOHA) | |
| Source of classification or shelving scheme | |
| Koha item type | Book |
| Call number prefix | 540,BRE |
| Withdrawn status | Lost status | Source of classification or shelving scheme | Damaged status | Not for loan | Permanent Location | Current Location | Shelving location | Date acquired | Full call number | Barcode | Date last seen | Price effective from | Koha item type | Public note |
|---|---|---|---|---|---|---|---|---|---|---|---|---|---|---|
| Military College of Signals (MCS) | Military College of Signals (MCS) | General Stacks | 12/12/2016 | 540,BRE | MCS6483 | 12/08/2016 | 12/12/2016 | Book | Almirah No.77, Shelf No.3 |
